| 000 | 01207cam a22003011i 4500 | ||
|---|---|---|---|
| 003 | SA-RiAUC | ||
| 005 | 20241102114902.0 | ||
| 008 | 241101s1996 le g 000 0dara c | ||
| 040 |
_aSA-MaUQU _bara _cSA-RiAUC _erda |
||
| 082 | 0 | 4 |
_a251.1 _qSA-RiAUC |
| 082 | 0 | 4 | _a251.12 |
| 090 |
_a251.1 _bأ ش ق |
||
| 100 | 1 |
_aالأشقر، محمد سليمان، _d1930-2009 _eمؤلف. |
|
| 245 | 1 | 0 |
_aأفعال الرسول صلى الله عليه وسلم ودلالتها على الأحكام الشرعية / _cمحمد سليمان الأشقر. |
| 250 | _aالطبعة الرابعة. | ||
| 264 | 1 |
_aبيروت : _bمؤسسة الرسالة، _c1996 |
|
| 300 |
_a1 مجلد ؛ _c24 سم |
||
| 336 |
_aنص _btxt _2rdacontent _3كتاب |
||
| 337 |
_aبدون وسيط _bn _2rdamedia |
||
| 338 |
_aمجلد _bnc _2rdacarrier |
||
| 600 | 0 | 7 |
_aمحمد (صلى الله عليه وسلم)، _d53 قبل الهجرة-11 هجري _2aucnm |
| 650 | 7 |
_aالسيرة النبوية _2aucsh |
|
| 650 | 7 |
_aالأحكام الشرعية _2aucsh |
|
| 650 | 7 |
_aالسنة _2aucsh |
|
| 650 | 7 |
_aأصول الفقه الإسلامي _2aucsh |
|
| 942 |
_2ddc _cBOOK _n0 |
||
| 949 |
_aSA-JeALM _d241101 _umohamedma123 _n1 |
||
| 999 |
_c1970 _d1970 |
||